<?xml version="1.0" encoding="UTF-8"?>
<record
    xmlns:xsi="http://www.w3.org/2001/XMLSchema-instance"
    xsi:schemaLocation="http://www.loc.gov/MARC21/slim http://www.loc.gov/standards/marcxml/schema/MARC21slim.xsd"
    xmlns="http://www.loc.gov/MARC21/slim">

  <leader>00433    a2200121   4500</leader>
  <controlfield tag="001">ART_30455</controlfield>
  <controlfield tag="005">20260410162004.0</controlfield>
  <controlfield tag="008">260409a                                 </controlfield>
  <datafield tag="245" ind1="1" ind2="0">
    <subfield code="a">Consideraciones sobre la desaparici&#xF3;n de los residuos pasivos en la administraci&#xF3;n nacional a partir del ejercicio 1993</subfield>
  </datafield>
  <datafield tag="100" ind1="1" ind2=" ">
    <subfield code="a">Le Pera, Alfredo</subfield>
  </datafield>
  <datafield tag="700" ind1="1" ind2=" ">
    <subfield code="a">Permuy, Juan</subfield>
  </datafield>
  <datafield tag="773" ind1="0" ind2=" ">
    <subfield code="t">Bolet&#xED;n Informativo ASAP</subfield>
    <subfield code="g">- N&#xBA; 23 (ago. 1994)</subfield>
    <subfield code="w">REV30391</subfield>
  </datafield>
  <datafield tag="999" ind1=" " ind2=" ">
    <subfield code="c">31541</subfield>
    <subfield code="d">31541</subfield>
  </datafield>
</record>
